LEADER 01139nam0-22003371i-450- 001 990007066590403321 005 20060922091517.0 035 $a000706659 035 $aFED01000706659 035 $a(Aleph)000706659FED01 035 $a000706659 100 $a20020327d1973----km-y0itay50------ba 101 0 $ager 102 $aDE 105 $ay-------101yy 200 1 $aTerritoriale Grenzen der staatlichen Rechtsetzung$eReferate und Diskussion der 12. Tagung der Deutschen Gesellschaft für Völkerrecht in Bad Godesberg vom 14. bis 16. Juni 1971$fWalther Habscheid, Walter Rudolf 210 $a[Karlsruhe]$cC.F. Müller$d1973 215 $a128 p.$d24 cm 225 1 $aBerichte der Deutschen Gesellschaft für Völkerrecht$v11 676 $a341$v21$zita 700 1$aHabscheid,$bWalther J.$0227910 701 1$aRudolf,$bWalter$0405272 801 0$aIT$bUNINA$gRICA$2UNIMARC 901 $aBK 912 $a990007066590403321 952 $aX N[1] 130 (11)$b105425$fFGBC 952 $aDI 5/795$b4108$fDEC 959 $aFGBC 959 $aDEC 996 $aTerritoriale Grenzen der staatlichen Rechtsetzung$9706212 997 $aUNINA LEADER 03002nam 22007213u 450 001 9910789418803321 005 20230330162522.0 010 $a1-4473-0215-X 010 $a1-84742-840-1 035 $a(CKB)2670000000095246 035 $a(EBL)726881 035 $a(OCoLC)738518405 035 $a(SSID)ssj0000522111 035 $a(PQKBManifestationID)12179971 035 $a(PQKBTitleCode)TC0000522111 035 $a(PQKBWorkID)10528438 035 $a(PQKB)10824160 035 $a(UtOrBLW)PPO00173 035 $a(MiAaPQ)EBC726881 035 $a(DE-B1597)646291 035 $a(DE-B1597)9781847428400 035 $a(EXLCZ)992670000000095246 100 $a20130418d2011|||| u|| | 101 0 $aeng 135 $aur|n|---||||| 181 $ctxt 182 $cc 183 $acr 200 10$aDown and out$b[electronic resource] $epoverty and exclusion in Australia 210 $aBristol, U.K. ;$aPortland, Ore. $cPolicy Press$d2011 215 $a1 online resource (292 p.) 225 1 $aStudies in Poverty, Inequality & Social Exclusion 300 $aDescription based upon print version of record. 311 $a1-84742-839-8 320 $aIncludes bibliographical references (p. 253-269) and index. 327 $aAcknowledgments; List of abbreviations; one; Introduction and overview; two; Income poverty; three; Beyond low income: economic resources, financial hardship and poverty; four; Experiencing poverty: the voices of poverty and disadvantage; five; Identifying the essentials of life; six; Measuring deprivation; seven; A new poverty measure; eight; Defining social exclusion and the social inclusion agenda; nine; Identifying social exclusion; ten; Conclusions and implications; References; Index 330 $aDrawing on the author's extensive research expertise and his links with welfare practitioners , this landmark study provides the first comprehensive assessment of the nature and associations between the three main forms of social disadvantage in Australia: poverty, deprivation and social exclusion. 410 0$aStudies in Poverty, Inequality & Social Exclusion. 606 $aAustralia -- Economic conditions 606 $aIncome distribution -- Australia 606 $aPoverty -- Australia 606 $aPoverty$zAustralia 606 $aPoor$zAustralia 606 $aMarginality, Social$zAustralia 606 $aBusiness & Economics$2HILCC 606 $aEconomic History$2HILCC 615 4$aAustralia -- Economic conditions. 615 4$aIncome distribution -- Australia. 615 4$aPoverty -- Australia. 615 0$aPoverty 615 0$aPoor 615 0$aMarginality, Social 615 7$aBusiness & Economics 615 7$aEconomic History 676 $a362.50994 700 $aSaunders$b Peter$f1950 August 30-$0107477 801 0$bAU-PeEL 801 1$bAU-PeEL 801 2$bAU-PeEL 906 $aBOOK 912 $a9910789418803321 996 $aDown and out$93789605 997 $aUNINA